000 00414nam a2200181Ia 4500
008 100917s9999 xx 000 0 und d
082 _b4508
100 _aफडके वामन
245 _aभूल
260 _b---
_c1956
300 _a147
365 _b2.5
520 _aकादंबरी
630 _aभूल
650 _aकादंबरी
730 _aभूल
942 _cBOOK
999 _c609902
_d609899